000 00835 a2200217 4500
999 _c4990
_d4990
010 _aENG-86685 B-447087-091
020 _c295.00
_a8178241862
020 _c295.00
_a9788178241869
035 _aEN-70218 B-447087-091
037 _bDBAD / PUB
037 _bBPPD/KKP
082 1 4 _a791.43
100 1 _aVirdi, Jyotika
245 1 _aThe cinematic imagination :
_cby Jyotika Virdi
_bIndian popular films as social history /
260 _aDelhi
_bPermanent Black
_c2007
270 _aD-28, Oxford Apartments, 11, I. P. Extension
_bDelhi
_e110 092
300 _axvi, 258 p
_c22cm (Pbk)
500 _aIncludes index
942 _adpl
_cEN
_2ddc
_h791.43
_mVIR